Szachowi arcymistrzowie - quiz obrazkowy. - Statystyki

Ogólne statystyki
  • Ten quiz został rozwiązany 135 razy
  • Średni wynik to 12 z 16
Statystyki odpowiedzi
Obrazkowy Odpowiedź % Poprawnych
Magnus Carlsen
99%
Hikaru Nakamura
97%
Jan Krzysztof Duda
95%
Garri Kasparow
91%
Robert Fischer
91%
Ding Liren
88%
Michaił Tal
79%
Anatolij Karpow
74%
Viswanathan Anand
67%
Alireza Firouzja
64%
Władimir Kramnik
62%
Jose Raul Capablanca
60%
Radosław Wojtaszek
50%
Borys Spasski
47%
Emmanuel Lasker
46%
Judit Polgar
45%
Nie znaleziono quizów pasujących do podanych kryteriów
Rozkład punktacji
Procent ludzi z każdym wynikiem
Percentyl według liczby udzielonych odpowiedzi
Twoja historia wyników
Nie rozwiązałeś tego quizu